Statistiken für Top 15 der betroffenen Covid-19-Länder - 13. Juni

Klicken Sie hier um das Quiz zu spielen!

Allgemein

  • Dieses Quiz wurde 7 mal gespielt
  • Das Durchschnittsergebnis liegt bei 18 aus 26

Antwortstatistiken

Land% Korrekt
Brasilien
100%
Deutschland
100%
Frankreich
100%
Indien
100%
Italien
100%
Mexiko
100%
Russland
100%
Vereinigte Staaten
100%
Belgien
83%
Chile
83%
Chile
83%
Peru
83%
Spanien
83%
Vereinigtes Königreich
83%
Iran
67%
Schweden
67%
Türkei
67%
Bahrain
50%
Katar
50%
Pakistan
50%
Weißrussland
50%
Irland
33%
Kuwait
33%
Singapur
33%
Armenien
17%
Panama
17%

Verteilung der Resultate

Perzentil nach korrekt beantworteten Fragen

Anzahl Personen mit jedem Resultat

Ihre Resultats-Entwicklung

Sie haben dieses Quiz noch nicht gespielt